| 000 | 00625nam a22001577a 4500 | ||
|---|---|---|---|
| 003 | OSt | ||
| 005 | 20150928153458.0 | ||
| 008 | 150928b xxu||||| |||| 00| 0 eng d | ||
| 040 | _cRUA | ||
| 082 | _aATM.Sp HAK 2003 B059 Or.1 | ||
| 100 |
_91495 _aHAK, BUNTHUON. |
||
| 245 | _aGermination study of second rubber seed falt on different at chup rubber plantation, សិក្សាអំពីដំណុះគ្រាប់កៅស៊ូចំឡក់តាមពូជនិមួយៗនៅចំការកៅស៊ូជុប | ||
| 260 |
_aPhnom Penh _bRUA _c2003 |
||
| 300 |
_a51p. _bill. _c29cm. |
||
| 942 |
_2ddc _cATMSP |
||
| 999 |
_c1406 _d1406 |
||